La Bible dévoilée (Registro nro. 170163)

Detalles MARC
000 -LEADER
campo de control de longitud fija 01098nam a2200289 i 4500
001 - NÚMERO DE CONTROL
campo de control 170163
003 - IDENTIFICADOR DE NÚMERO DE CONTROL
campo de control ES-MaACL
005 - FECHA Y HORA DE LA ÚLTIMA TRANSACCIÓN
campo de control 20250809151247.0
008 - DATOS DE LONGITUD FIJA--INFORMACIÓN GENERAL
campo de control de longitud fija 090206s2002 fr |||| | fre d
020 ## - NÚMERO INTERNACIONAL ESTÁNDAR DEL LIBRO
Número Internacional Estándar del Libro 2-227-13951-X
080 ## - NÚMERO DE LA CLASIFICACIÓN DECIMAL UNIVERSAL
Número de la Clasificación Decimal Universal 94(3):222/224
080 ## - NÚMERO DE LA CLASIFICACIÓN DECIMAL UNIVERSAL
Número de la Clasificación Decimal Universal 94(=411.16)".../-0586"
080 ## - NÚMERO DE LA CLASIFICACIÓN DECIMAL UNIVERSAL
Número de la Clasificación Decimal Universal 902:22
100 1# - ENTRADA PRINCIPAL--NOMBRE DE PERSONA
Nombre de persona Finkelstein, Israel.
9 (RLIN) 139381
245 13 - MENCIÓN DEL TÍTULO
Título La Bible dévoilée
Resto del título : les nouvelles révélations de l'archéologie /
Mención de responsabilidad, etc. Israel Finkelstein et Neil Asher Silberman ; traduit de l'anglais (États-Unis) par Patrice Ghirardi.
260 ## - PUBLICACIÓN, DISTRIBUCIÓN, ETC.
Lugar de publicación, distribución, etc. Paris :
Nombre del editor, distribuidor, etc. Bayard,
Fecha de publicación, distribución, etc. 2002.
300 ## - DESCRIPCIÓN FÍSICA
Extensión 432 p. :
Otras características físicas il., mapas ;
Dimensiones 24 cm.
500 ## - NOTA GENERAL
Nota general Índice.
504 ## - NOTA DE BIBLIOGRAFÍA, ETC.
Nota de bibliografía, etc. Bibliografía: p.403-422.
594 ## - Nota al título y mención de responsabilidad
Nota al título y mención de responsabilidad Tít. original: The Bible unearthed.
630 #0 - PUNTO DE ACCESO ADICIONAL DE MATERIA--TÍTULO UNIFORME
Título uniforme Biblia-
Subdivisión general Historia de los hechos contemporáneos.
9 (RLIN) 119243
650 #4 - PUNTO DE ACCESO ADICIONAL DE MATERIA--TÉRMINO DE MATERIA
Término de materia o nombre geográfico como elemento de entrada Judíos-
Subdivisión general Historia-
Subdivisión cronológica Hasta 586 a.C.
9 (RLIN) 139383
650 #7 - PUNTO DE ACCESO ADICIONAL DE MATERIA--TÉRMINO DE MATERIA
Término de materia o nombre geográfico como elemento de entrada Arqueología bíblica
Fuente del encabezamiento o término embne
9 (RLIN) 9981
700 1# - ENTRADA AGREGADA--NOMBRE PERSONAL
Nombre de persona Silberman, Neil Asher.
9 (RLIN) 139382
852 4# - LOCALIZACIÓN
Ubicación ES-MaACL
Número de control de estantería E-12420
itemnumber R.140613
Nota libre . - Biblioteca Jacinto Martínez Lacalle
Existencias
Estatus retirado Estado de pérdida Estado de daño No para préstamo Biblioteca de origen Biblioteca actual Ubicación en estantería Fecha de adquisición Fuente de adquisición Total de préstamos Signatura topográfica completa Código de barras Visto por última vez Precio de reemplazo Tipo de ítem Koha
        Biblioteca del Ateneo de Madrid Biblioteca del Ateneo de Madrid Depósito 2 06/02/2009     E-12420 1178648 23/02/2023 23/02/2023 Libro impreso